| 000 | 01971cam a22004454i 4500 | ||
|---|---|---|---|
| 003 | PE-LiUPU | ||
| 005 | 20250731173106.0 | ||
| 008 | 150623s r 000 0 d | ||
| 020 | _a0830718907 | ||
| 035 | _a(Sirsi) i9780830718900 | ||
| 040 |
_aPE-LiUPU _bspa _cPE-LiUPU _erda |
||
| 049 | _aPRUA | ||
| 082 | 0 | 4 |
_a286.1092 _bT77 _221 |
| 100 | 1 |
_aTowns, Elmer L., _eautor. |
|
| 245 | 1 | 0 |
_aStories about my first church / _cElmer L. Towns. |
| 264 | 1 |
_aCalifornia : _bRegal Books, _c1997. |
|
| 300 |
_a191 páginas : _bilustraciones, gráficos ; _c21 centímetros |
||
| 336 |
_atext _2rdacontent |
||
| 337 |
_aunmediated _2rdamedia |
||
| 338 |
_avolume _2rdacarrier |
||
| 505 | 0 | _aWhy a 19-year-old pastor? The key to my first pastorate. -Painting the whole church in a wholo day. -Dropping rocks on the casket. -Who stole the bride?. -The toilet paper incident. -I haven´t had healing 201 yet. -A deathbed conversion. -sensationalizing Mr. Sweeney´s son. -Losing the war of the streetlights. -"I saw Jesus". -Whose church is it anyway?. -No one came to cacation bible school. -Ot takes only One. -Ice cream paid for my first car. -A boy´s first love: Gertrude. -The illusion of dreams that keep us going. -The coat thrower. -When the jar breaks. -Becoming baptist. | |
| 526 | _aSEG42 | ||
| 526 | _aSEG41 | ||
| 526 | _aSEG40 | ||
| 526 | _aSEG39 | ||
| 526 | _aP94 | ||
| 526 | _aP87 | ||
| 526 | _aP86 | ||
| 526 | _aP85 | ||
| 526 | _aP77 | ||
| 526 | _aP76 | ||
| 526 | _aP35 | ||
| 600 | 1 | _aTowns, Elmer (Clérigo bautista) | |
| 942 |
_2ddc _cBOOK |
||
| 949 |
_a286.1092 T77 _wDEWEY _c1 _i49468 _lCCODEBUL1 _mBUL _r0 _sY _tBOOK _u2015-6-24 _xTEOLOGIA _PP35 _0COMPRA _o.STAFF. Colección General |
||
| 994 |
_aC0 _bPEPRU |
||
| 596 | _a1 | ||
| 999 |
_a286.1092 T77 _wDEWEY _c30019 _i49468 _f2021-11-11 _g6 _lCCODEBUL1 _mBUL _r0 _sY _tBOOK _u2015-6-24 _xTEOLOGIA _PP35 _0COMPRA _o.STAFF. Colección General _d30019 |
||
| 980 |
_81 _gALBERTO SANCHEZ Responsable de Automatización |
||